[Event "Niedersachsen-ch Seniors op 09th"]
[Site "Bad Bevensen"]
[Date "2006.06.27"]
[Round "4"]
[White "Kaehler, Karl Heinz"]
[Black "Spindler, Egbert"]
[Result "1-0"]
[WhiteElo "1779"]
[BlackElo "1712"]
[PlyCount "37"]
[EventDate "2006.06.24"]
[EventType "swiss"]
[EventRounds "9"]
[EventCountry "GER"]
[SourceTitle "EXT 2022"]
[Source "ChessBase"]
[SourceDate "2021.10.06"]
[SourceVersion "1"]
[SourceVersionDate "2021.10.06"]
[SourceQuality "1"]

1. e4 c5 2. Nf3 Nc6 3. d4 cxd4 4. Nxd4 g6 5. Nc3 Bg7 6. Be3 Nf6 7. f3 a6 8. Qd2 0-0 9. 0-0-0 Nxd4 10. Bxd4 d6 11. Bc4 Qc7 12. Bb3 b5 13. h4 Be6 14. Nd5 Bxd5 15. Bxd5 Nxd5 16. Bxg7 Kxg7 17. exd5 Rfc8 18. h5 f6 19. hxg6 1-0

[Event "Niedersachsen-ch Seniors op 09th"]
[Site "Bad Bevensen"]
[Date "2006.06.25"]
[Round "2"]
[White "Kaehler, Karl Heinz"]
[Black "Schlag, Franz"]
[Result "1/2-1/2"]
[WhiteElo "1779"]
[BlackElo "1948"]
[PlyCount "38"]
[EventDate "2006.06.24"]
[EventType "swiss"]
[EventRounds "9"]
[EventCountry "GER"]
[SourceTitle "EXT 2022"]
[Source "ChessBase"]
[SourceDate "2021.10.06"]
[SourceVersion "1"]
[SourceVersionDate "2021.10.06"]
[SourceQuality "1"]

1. e4 e5 2. Nf3 Nc6 3. Bc4 Bc5 4. c3 Qe7 5. b4 Bb6 6. d3 h6 7. Nbd2 Nf6 8. Nf1 Ng4 9. Ne3 Nxe3 10. Bxe3 0-0 11. 0-0 d6 12. h3 Be6 13. Bb3 Nd8 14. Qd2 Qf6 15. Nh2 Qg6 16. g4 h5 17. f3 Bxb3 18. axb3 Ne6 19. d4 f6 1/2-1/2